UM Logo

You can't spell America without me : (Record no. 18754)

MARC details
000 -LEADER
fixed length control field 00823nam a22001937a 4500
005 - DATE AND TIME OF LATEST TRANSACTION
control field 20241128142132.0
008 - FIXED-LENGTH DATA ELEMENTS--GENERAL INFORMATION
fixed length control field 240124b ||||| |||| 00| 0 eng d
020 ## - INTERNATIONAL STANDARD BOOK NUMBER
International Standard Book Number 9780525521990
082 ## - DEWEY DECIMAL CLASSIFICATION NUMBER
Edition number 2017
Classification number DC 973.933092
Item number B193
100 ## - MAIN ENTRY--PERSONAL NAME
Personal name Baldwin, Alec.
9 (RLIN) 50813
245 ## - TITLE STATEMENT
Title You can't spell America without me :
Remainder of title the really tremendous inside story of my fantastic first year as President Donald J. Trump /
Statement of responsibility, etc. Alec Baldwin and Kurt Andersen.
260 ## - PUBLICATION, DISTRIBUTION, ETC. (IMPRINT)
Place of publication, distribution, etc. New York :
Name of publisher, distributor, etc. Penguin Press,
Date of publication, distribution, etc. ©2017.
300 ## - PHYSICAL DESCRIPTION
Extent 246 pages :
Other physical details color illustrations ;
Dimensions 24 cm.
650 ## - SUBJECT ADDED ENTRY--TOPICAL TERM
Topical term or geographic name as entry element Trump, Donald, 1946
General subdivision Parodies, imitations, etc.
9 (RLIN) 51814
650 ## - SUBJECT ADDED ENTRY--TOPICAL TERM
Topical term or geographic name as entry element Presidents
Geographic subdivision United States
General subdivision Humor.
9 (RLIN) 51815
650 ## - SUBJECT ADDED ENTRY--TOPICAL TERM
Geographic subdivision United States
General subdivision Politics and government
-- 2017-2021
-- Humor.
9 (RLIN) 51816
700 ## - ADDED ENTRY--PERSONAL NAME
Personal name Andersen, Kurt.
Relator term author.
9 (RLIN) 50814
942 ## - ADDED ENTRY ELEMENTS (KOHA)
Source of classification or shelving scheme Dewey Decimal Classification
Koha item type Circulation
Holdings
Withdrawn status Lost status Source of classification or shelving scheme Damaged status Not for loan Collection code Home library Current library Date acquired Source of acquisition Cost, normal purchase price Total Checkouts Full call number Barcode Date last seen Price effective from Koha item type
    Dewey Decimal Classification     Circulation UM Digos College - LIC UM Digos College - LIC 08/08/2023 Purchased 300.00   DC 973.933092 B193 2017 27610 05/15/2025 01/24/2024 Circulation